<?xml version="1.0" encoding="UTF-8"?>
<record
    xmlns:xsi="http://www.w3.org/2001/XMLSchema-instance"
    xsi:schemaLocation="http://www.loc.gov/MARC21/slim http://www.loc.gov/standards/marcxml/schema/MARC21slim.xsd"
    xmlns="http://www.loc.gov/MARC21/slim">

  <leader>01444    a2200217   4500</leader>
  <controlfield tag="001">54548</controlfield>
  <controlfield tag="005">20260407155819.0</controlfield>
  <controlfield tag="008">260407a1965    arg                 spa d</controlfield>
  <controlfield tag="003">AR-UNSa-BCEJYS</controlfield>
  <datafield tag="040" ind1=" " ind2=" ">
    <subfield code="a">AR-UNSa-BCEJYS</subfield>
    <subfield code="b">spa</subfield>
    <subfield code="c">AR-UNSa-BCEJYS</subfield>
  </datafield>
  <datafield tag="080" ind1=" " ind2=" ">
    <subfield code="a">330.1</subfield>
    <subfield code="x">Ciencia econ&#xF3;mica. Conceptos fundamentales de teor&#xED;a econ&#xF3;mica. Valor. Capital. Fondos</subfield>
  </datafield>
  <datafield tag="245" ind1="1" ind2="0">
    <subfield code="a">Econom&#xED;a</subfield>
  </datafield>
  <datafield tag="250" ind1=" " ind2=" ">
    <subfield code="a">2a. ed.</subfield>
  </datafield>
  <datafield tag="264" ind1=" " ind2="1">
    <subfield code="a">Madrid :</subfield>
    <subfield code="b">Ediciones Rialp</subfield>
    <subfield code="c">1965</subfield>
  </datafield>
  <datafield tag="300" ind1=" " ind2=" ">
    <subfield code="a">196 p.</subfield>
    <subfield code="c">18 cm.</subfield>
  </datafield>
  <datafield tag="505" ind1=" " ind2=" ">
    <subfield code="a">1. El hombre frente al problema econ&#xF3;mico &#x2013; 2. Soluciones voluntaristas del problema econ&#xF3;mico &#x2013; 3. Soluciones naturalistas del problema econ&#xF3;mico &#x2013; 4. Soluciones neovoluntarias del problema econ&#xF3;mico &#x2013; 5. Significado de las distintas soluciones te&#xF3;ricas &#x2013; 6. Fuerzas y resistencias frente al problema econ&#xF3;mico &#x2013; 7. Aspiraciones contempor&#xE1;neas para resolver el problema econ&#xF3;mico &#x2013; 8. Ense&#xF1;anza social de la iglesia y problema econ&#xF3;mico &#x2013; 9. Economistas y pol&#xED;ticos frente al problema econ&#xF3;mico. 1. Procesos econ&#xF3;micos: generalidades &#x2013; 2. Dinero, precios e inter&#xE9;s &#x2013; 3. Nomenclatura del macroan&#xE1;lisis &#x2013; 4. Nomeclanclatura del microan&#xE1;lisis &#x2013; 5. Terminolog&#xED;a esot&#xE9;rica &#x2013; 6. Procesos econ&#xF3;micos at&#xED;picos &#x2013; 7. La econom&#xED;a como ciencia: primeros pasos &#x2013; 8. Keynesianismo monetarismo. </subfield>
  </datafield>
  <datafield tag="041" ind1=" " ind2=" ">
    <subfield code="a">spa</subfield>
  </datafield>
  <datafield tag="942" ind1=" " ind2=" ">
    <subfield code="c">BK</subfield>
  </datafield>
  <datafield tag="590" ind1=" " ind2=" ">
    <subfield code="a">niveau_biblio:m niveau_hierar:0</subfield>
  </datafield>
  <datafield tag="100" ind1="1" ind2=" ">
    <subfield code="a">Fanfani, Amintore</subfield>
  </datafield>
  <datafield tag="999" ind1=" " ind2=" ">
    <subfield code="c">5628</subfield>
    <subfield code="d">5628</subfield>
  </datafield>
  <datafield tag="952" ind1=" " ind2=" ">
    <subfield code="0">0</subfield>
    <subfield code="1">0</subfield>
    <subfield code="4">0</subfield>
    <subfield code="7">0</subfield>
    <subfield code="a">BCEJYS</subfield>
    <subfield code="b">BCEJYS</subfield>
    <subfield code="c">16</subfield>
    <subfield code="d">2026-04-07</subfield>
    <subfield code="l">0</subfield>
    <subfield code="o">330.1 F199 2ed.</subfield>
    <subfield code="p">L23950</subfield>
    <subfield code="r">2026-04-07 15:58:19</subfield>
    <subfield code="w">2026-04-07</subfield>
    <subfield code="y">L</subfield>
  </datafield>
</record>
